000 00750nam a22002057a 4500
999 _c19864
_d19864
003 AR-CdUCM
008 190523b ||||| |||| 00| 0 spa d
040 _aMUNICIPALIDAD PROVINCIAL DEL CUSCO
_cBIBLIOTECA MUNICIPAL DEL CUSCO
082 _23ed
_a625 /
_bR565
100 _aRigau, Joaquín A.
_941530
245 _aCurso de ferrocarriles :
_b trazados de la curvas /
260 _aLima :
_bUniversidad nacional de ingeniería,
_c1960.
300 _a480 páginas ;
_bDiagramas, formulas,
_c21 cm.
505 _aContenido: Consideraciones generales -- Rieles -- Accesorios de la via...
650 _aFerrocarriles
_910042
650 _aDiseño y construcción
_95650
650 _aTraviesas
_941531
942 _2ddc
_cLIBROS
945 _adavv
_d2019-05-23